| 000 -LEADER |
| fixed length control field |
00526aam a2200205 4500 |
| 003 - CONTROL NUMBER IDENTIFIER |
| control field |
OSt |
| 005 - DATE AND TIME OF LATEST TRANSACTION |
| control field |
20230301100632.0 |
| 008 - FIXED-LENGTH DATA ELEMENTS--GENERAL INFORMATION |
| fixed length control field |
160128s2016 nyu j 001 1 eng d |
| 020 ## - INTERNATIONAL STANDARD BOOK NUMBER |
| International Standard Book Number |
9780736435253 |
| 040 ## - CATALOGING SOURCE |
| Original cataloging agency |
CaOL |
| Language of cataloging |
eng |
| Transcribing agency |
STD |
| Modifying agency |
KH8 |
| 082 ## - DEWEY DECIMAL CLASSIFICATION NUMBER |
| Classification number |
FIC THO |
| 100 1# - MAIN ENTRY--PERSONAL NAME |
| Personal name |
Thorpe, Kiki. |
| Relator term |
author |
| 245 10 - TITLE STATEMENT |
| Title |
Into the waves. |
| 260 ## - PUBLICATION, DISTRIBUTION, ETC. |
| Date of publication, distribution, etc. |
c2016. |
| 490 1# - SERIES STATEMENT |
| Series statement |
Disney: the Never Girls. |
| 500 ## - GENERAL NOTE |
| General note |
Illustrated by Jana Christy. |
| 700 1# - ADDED ENTRY--PERSONAL NAME |
| Personal name |
Christy, Jana. |
| Relator term |
illustratror |
| 830 #0 - SERIES ADDED ENTRY--UNIFORM TITLE |
| Uniform title |
Never girls ; |
| Volume/sequential designation |
11. |
| 942 ## - ADDED ENTRY ELEMENTS (KOHA) |
| Source of classification or shelving scheme |
|
| Koha item type |
Books - Non Ficton |